000
00329nam a2200157Ia 4500
100
_a
IMS
650
_a
Communication skills
942
_c
BK
654
_a
Communication Skill
245
_a
Communication skill builder
260
_b
IMS
_c
2005
082
_a
658.402
_b
IMS
300
_a
124
546
_a
ENGLISH
999
_c
22915
_d
22915